STATISTICAL QUALITY CONTROL (Record no. 13016)
[ view plain ]
| 000 -LEADER | |
|---|---|
| fixed length control field | 00344nam a2200133Ia 4500 |
| 008 - FIXED-LENGTH DATA ELEMENTS--GENERAL INFORMATION | |
| fixed length control field | 240624s9999 xx 000 0 und d |
| 041 ## - LANGUAGE CODE | |
| Language code of text/sound track or separate title | eng |
| 082 ## - DEWEY DECIMAL CLASSIFICATION NUMBER | |
| Classification number | 658.4013 MAH |
| 100 ## - MAIN ENTRY--PERSONAL NAME | |
| Personal name | MAHAJAN M |
| 245 ## - TITLE STATEMENT | |
| Title | STATISTICAL QUALITY CONTROL |
| 260 ## - PUBLICATION, DISTRIBUTION, ETC. | |
| Date of publication, distribution, etc. | 2005 |
| Place of publication, distribution, etc. | Delhi |
| Name of publisher, distributor, etc. | Dhanpat Rai & Co. (P) Ltd. |
| 300 ## - PHYSICAL DESCRIPTION | |
| Extent | xv, : 544 : p. : cm. ; 21 |
| 365 ## - TRADE PRICE | |
| Currency code | RS |
| Withdrawn status | Lost status | Damaged status | Not for loan | Home library | Current library | Shelving location | Date acquired | Cost, normal purchase price | Total Checkouts | Full call number | Barcode | Date last seen | Date last checked out | Copy number | Price effective from | Koha item type |
|---|---|---|---|---|---|---|---|---|---|---|---|---|---|---|---|---|
| IMTN | IMTN | Rack 27-B | 05/06/2009 | 100.00 | 1 | 658.4013 MAH | 13016 | 10/14/2025 | 10/04/2025 | 1 | 06/24/2024 | Books |